[Event "Medellin Sub zt 2.3.2"]
[Site "Medellin"]
[Date "2025.04.14"]
[Round "1"]
[White "Herize Godoy, Miguel Andres"]
[Black "Paez Colmenares, Adolfo"]
[Result "1-0"]
[WhiteElo "1969"]
[BlackElo "1601"]
[PlyCount "63"]
[EventDate "2025.04.14"]
[EventType "swiss"]
[EventRounds "9"]
[EventCountry "COL"]
[SourceTitle "CB18_2025"]
[SourceDate "2025.04.30"]
[SourceVersion "1"]
[SourceVersionDate "2025.04.30"]
[SourceQuality "1"]

1. e4 c5 2. Nf3 d6 3. d4 cxd4 4. Nxd4 Nf6 5. Nc3 a6 6. a4 e6 7. Be2 Be7 8. Be3 Bd7 9. f4 Qc7 10. 0-0 Nc6 11. Nb3 0-0 12. g4 Rac8 13. g5 Ne8 14. Bf3 Na5 15. Nxa5 Qxa5 16. Bg2 f5 17. exf5 Bc6 18. fxe6 Bxg2 19. Kxg2 Rxc3 20. bxc3 Qf5 21. Qd3 Qxe6 22. Rab1 Qd7 23. Qd5+ Kh8 24. Qxb7 Qe6 25. Rbe1 Bxg5 26. fxg5 Rxf1 27. Rxf1 Qg4+ 28. Kh1 Nf6 29. gxf6 gxf6 30. Qb8+ Kg7 31. Rg1 Qxg1+ 32. Kxg1 1-0

[Event "Bogota Distrito Capital op-B"]
[Site "Bogota"]
[Date "2024.09.19"]
[Round "1"]
[White "Paez Colmenares, Adolfo"]
[Black "Estrada Velandia, Henry Andres"]
[Result "0-1"]
[WhiteElo "1660"]
[BlackElo "1917"]
[PlyCount "104"]
[EventDate "2024.09.19"]
[EventType "swiss"]
[EventRounds "7"]
[EventCountry "COL"]
[SourceTitle "EXT 2025"]
[Source "ChessBase"]
[SourceDate "2024.10.14"]
[SourceVersion "1"]
[SourceVersionDate "2024.10.14"]
[SourceQuality "1"]

1. e4 c6 2. d3 d5 3. Nd2 e6 4. g3 Bc5 5. Bg2 Ne7 6. Ngf3 0-0 7. 0-0 Ng6 8. Re1 f5 9. d4 Bb6 10. e5 c5 11. c3 cxd4 12. cxd4 Nc6 13. Nb3 f4 14. h4 fxg3 15. fxg3 h6 16. Qd3 Qe8 17. Kh2 Nge7 18. Bd2 Bd7 19. Bc3 Qh5 20. Kh3 Rac8 21. g4 Qf7 22. Rf1 Ng6 23. Bd2 Nb4 24. Qe2 Qe8 25. Qd1 Nd3 26. Ne1 Nxb2 27. Qb1 Nc4 28. Rxf8+ Nxf8 29. Bf4 a5 30. Nf3 Qf7 31. Kg3 Ng6 32. Bc1 Rf8 33. h5 Nf4 34. Qc2 Nxg2 35. Qxg2 a4 36. Nc5 Bxc5 37. dxc5 Bc6 38. Nd4 Nxe5 39. Nxc6 Nxc6 40. Bd2 e5 41. Re1 e4 42. Re2 Qf3+ 43. Kh2 Ne5 44. Qxf3 Rxf3 45. Rg2 d4 46. g5 e3 47. Be1 Rf5 48. gxh6 Nf3+ 49. Kh3 Rxh5+ 50. Kg4 Nxe1 51. Kxh5 Nxg2 52. h7+ Kxh7 0-1

[Event "American Continental Rapid 18th"]
[Site "Medellin"]
[Date "2024.06.01"]
[Round "6"]
[White "Giraldo, Marco"]
[Black "Paez Colmenares, Adolfo"]
[Result "1-0"]
[WhiteElo "1855"]
[BlackElo "1671"]
[PlyCount "56"]
[EventDate "2024.06.01"]
[EventType "swiss (rapid)"]
[EventRounds "9"]
[EventCountry "COL"]
[SourceTitle "CBM 220 Extra"]
[Source "ChessBase"]
[SourceDate "2024.07.31"]
[SourceVersion "1"]
[SourceVersionDate "2024.07.31"]
[SourceQuality "1"]

1. e4 e5 2. f4 d5 3. exd5 e4 4. d3 Nf6 5. dxe4 Bg4 6. Be2 Bxe2 7. Qxe2 Bc5 8. Nc3 0-0 9. Be3 Bxe3 10. Qxe3 Re8 11. 0-0-0 b5 12. Qd4 a6 13. e5 Nfd7 14. Nf3 Nb6 15. b3 Qd7 16. Qc5 Qg4 17. Qe3 N8d7 18. h3 Qg6 19. g4 f5 20. Nh4 Qf7 21. e6 Qf6 22. Nxf5 b4 23. Ne4 Qa1+ 24. Kd2 Qxa2 25. exd7 Nxd5 26. dxe8Q+ Rxe8 27. Qd4 Nf6 28. Nxf6+ gxf6 1-0

[Event "American Continental 18th"]
[Site "Medellin"]
[Date "2024.05.28"]
[Round "7"]
[White "Martinez Paipa, Hernan"]
[Black "Paez Colmenares, Adolfo"]
[Result "1-0"]
[WhiteElo "1839"]
[BlackElo "1671"]
[PlyCount "49"]
[EventDate "2024.05.24"]
[EventType "swiss"]
[EventRounds "11"]
[EventCountry "COL"]
[SourceTitle "CBM 220 Extra"]
[Source "ChessBase"]
[SourceDate "2024.07.31"]
[SourceVersion "1"]
[SourceVersionDate "2024.07.31"]
[SourceQuality "1"]

1. e4 c5 2. Nf3 d6 3. d4 cxd4 4. Nxd4 Nf6 5. Nc3 a6 6. Bg5 e6 7. f4 Qc7 8. Qf3 Nc6 9. 0-0-0 Nxd4 10. Rxd4 h6 11. Bh4 Nd7 12. f5 Ne5 13. Qf2 Nc6 14. Rd2 b5 15. fxe6 fxe6 16. Be2 Ne5 17. Rf1 g5 18. Bh5+ Kd8 19. Bg3 Bg7 20. Rfd1 Bd7 21. Rxd6 Nc4 22. Rxd7+ Qxd7 23. Rxd7+ Kxd7 24. Qf7+ Kc6 25. Qc7# 1-0

[Event "Bucaramanga op"]
[Site "Bucaramanga"]
[Date "2023.09.10"]
[Round "9"]
[White "Paez Colmenares, Adolfo"]
[Black "Hernandez Fonseca, Maria Paula"]
[Result "0-1"]
[WhiteElo "1464"]
[BlackElo "2042"]
[PlyCount "112"]
[EventDate "2023.09.06"]
[EventType "swiss"]
[EventRounds "9"]
[EventCountry "COL"]
[SourceTitle "CBM 216 Extra"]
[Source "ChessBase"]
[SourceDate "2023.11.30"]
[SourceVersion "1"]
[SourceVersionDate "2023.11.30"]
[SourceQuality "1"]

1. e4 c5 2. Nf3 d6 3. d4 cxd4 4. Nxd4 Nf6 5. Nc3 a6 6. Be2 e6 7. Be3 Be7 8. Qd2 Qc7 9. f4 b5 10. a3 Bb7 11. Bf3 Nbd7 12. 0-0 Nb6 13. b3 Rc8 14. Nde2 0-0 15. Qd4 Nfd7 16. Qd2 Rfd8 17. Kh1 Bf6 18. Bd4 e5 19. Be3 d5 20. exd5 e4 21. Nxe4 Bxa1 22. Rxa1 Qxc2 23. Qxc2 Rxc2 24. Nd4 Rc7 25. d6 Rcc8 26. Nf5 Kf8 27. Ne7 Rc2 28. Ng5 Bxf3 29. Nxf3 Nc8 30. Nd4 Rc3 31. Bd2 Rd3 32. Ba5 Re8 33. Ndc6 Nxd6 34. Bb4 Rxe7 35. Nxe7 Kxe7 36. h3 Kf6 37. Kh2 Kf5 38. Rf1 h5 39. Rf2 h4 40. Re2 Ne4 41. Be7 f6 42. Bd8 Rd1 43. g4+ hxg3+ 44. Kg2 Kxf4 45. Bc7+ Ne5 46. h4 Rd2 47. Rxd2 Nxd2 48. h5 Nxb3 49. Bd6 Nd4 50. Bf8 Nf5 51. Bxg7 Nxg7 52. h6 Nf5 53. h7 Ne3+ 54. Kh3 Ng6 55. h8Q Nxh8 56. a4 bxa4 0-1

[Event "Rivera Hernandez Memorial-B"]
[Site "Rivera Huila"]
[Date "2023.07.22"]
[Round "4"]
[White "Paez Colmenares, Adolfo"]
[Black "Perez Vargas, Julian Camilo"]
[Result "1-0"]
[WhiteElo "1466"]
[BlackElo "1344"]
[PlyCount "90"]
[EventDate "2023.07.20"]
[EventType "swiss"]
[EventRounds "7"]
[EventCountry "COL"]
[SourceTitle "CBM 215 Extra"]
[Source "ChessBase"]
[SourceDate "2023.09.30"]
[SourceVersion "1"]
[SourceVersionDate "2023.09.30"]
[SourceQuality "1"]

1. e4 e5 2. Nf3 Nc6 3. Bb5 a6 4. Ba4 Nf6 5. 0-0 b5 6. Bb3 Nxe4 7. d4 exd4 8. Re1 d5 9. c3 Bc5 10. cxd4 Bb4 11. Nc3 0-0 12. a3 Nxc3 13. Qd3 Ba5 14. bxc3 Re8 15. Rxe8+ Qxe8 16. Bf4 Qe4 17. Qxe4 dxe4 18. Ng5 Nd8 19. Nxe4 Bf5 20. Ng3 Bxc3 21. Rc1 Bb2 22. Rxc7 Rc8 23. Nxf5 Rxc7 24. Bxc7 Nc6 25. d5 Na7 26. Ne7+ Kf8 27. d6 Be5 28. Bb8 Ke8 29. Bxa7 Kd7 30. Bxf7 b4 31. axb4 g6 32. Bc5 Bxd6 33. Bxd6 Kxd6 34. Nc8+ Kd7 35. Nb6+ Kd8 36. Bd5 Kc7 37. Na8+ Kb8 38. Bc6 a5 39. bxa5 h6 40. Kf1 h5 41. Ke2 h4 42. Kd3 h3 43. gxh3 g5 44. Kc4 g4 45. Kb5 gxh3 1-0

[Event "Ibague Blitz op"]
[Site "Ibague"]
[Date "2022.10.08"]
[Round "9"]
[White "Gil Giraldo, Oscar Leandro"]
[Black "Paez Colmenares, Adolfo"]
[Result "0-1"]
[WhiteElo "1312"]
[BlackElo "1611"]
[PlyCount "67"]
[EventDate "2022.10.08"]
[EventType "swiss (blitz)"]
[EventRounds "9"]
[EventCountry "COL"]
[SourceTitle "CBM 210 Extra"]
[Source "ChessBase"]
[SourceDate "2022.11.30"]
[SourceVersion "1"]
[SourceVersionDate "2022.11.30"]
[SourceQuality "1"]

1. e4 c5 2. Nf3 d6 3. Bc4 e6 4. 0-0 Nf6 5. d3 a6 6. a3 b5 7. Ba2 Bb7 8. Bg5 Be7 9. Nbd2 Nc6 10. Re1 h6 11. Bh4 g5 12. Bg3 Nh5 13. c3 Nxg3 14. fxg3 Qc7 15. d4 0-0-0 16. d5 Ne5 17. Nxe5 dxe5 18. c4 exd5 19. cxd5 Bd6 20. Qc2 Kb8 21. Rab1 Ka7 22. a4 b4 23. Nc4 a5 24. Qe2 Ba6 25. Qe3 f6 26. Rbc1 Qb7 27. Nxd6 Rxd6 28. Qxc5+ Qb6 29. Qxb6+ Kxb6 30. Rc2 Rc8 31. Rec1 Rxc2 32. Rxc2 Bd3 33. Rd2 Bxe4 34. Kf2 0-1

[Event "Ibague Blitz op"]
[Site "Ibague"]
[Date "2022.10.08"]
[Round "2"]
[White "Paez Colmenares, Adolfo"]
[Black "Dominguez Rincon, Miller Duvan"]
[Result "0-1"]
[WhiteElo "1611"]
[BlackElo "1973"]
[PlyCount "96"]
[EventDate "2022.10.08"]
[EventType "swiss (blitz)"]
[EventRounds "9"]
[EventCountry "COL"]
[SourceTitle "CBM 210 Extra"]
[Source "ChessBase"]
[SourceDate "2022.11.30"]
[SourceVersion "1"]
[SourceVersionDate "2022.11.30"]
[SourceQuality "1"]

1. e4 e5 2. Nf3 Nc6 3. Bb5 a6 4. Ba4 Nf6 5. 0-0 Be7 6. Re1 b5 7. Bb3 0-0 8. c3 d5 9. exd5 Nxd5 10. Nxe5 Nxe5 11. Rxe5 c6 12. h3 Bd6 13. Re1 Qh4 14. Bxd5 cxd5 15. d4 Bf5 16. Qf3 Rae8 17. Be3 Be4 18. Qg4 Qe7 19. Nd2 f5 20. Qg5 Qf7 21. Nf3 Bxf3 22. gxf3 Re6 23. Kh1 f4 24. Qxd5 fxe3 25. fxe3 Qxf3+ 26. Qxf3 Rxf3 27. e4 Rf2 28. e5 Be7 29. Re4 Rxb2 30. Rg4 Rc2 31. Rag1 Bf8 32. R4g3 Rxa2 33. Rf3 a5 34. Rgf1 Be7 35. Rb1 b4 36. c4 a4 37. c5 b3 38. Rbf1 b2 39. R3f2 a3 40. Kg2 Ra1 41. Kf3 Rxf1 42. Rxf1 a2 43. Ke4 b1Q+ 44. Rxb1 axb1Q+ 45. Kd5 Qb3+ 46. Ke4 Rg6 47. c6 Rg3 48. c7 Qf3# 0-1

[Event "Pereira Fiestas de la Cosecha"]
[Site "Pereira"]
[Date "2022.08.27"]
[Round "8"]
[White "Pinzon, Luis Guillermo"]
[Black "Paez Colmenares, Adolfo"]
[Result "1-0"]
[WhiteElo "1588"]
[BlackElo "1581"]
[PlyCount "115"]
[EventDate "2022.08.24"]
[EventType "swiss"]
[EventRounds "10"]
[EventCountry "COL"]
[SourceTitle "CBM 210 Extra"]
[Source "ChessBase"]
[SourceDate "2022.11.30"]
[SourceVersion "1"]
[SourceVersionDate "2022.11.30"]
[SourceQuality "1"]

1. e4 c5 2. Nf3 d6 3. c3 Nf6 4. h3 e6 5. Be2 Nc6 6. d3 a6 7. a4 b6 8. Bg5 Be7 9. Nbd2 Bb7 10. Qb3 Na5 11. Qc2 h6 12. Bh4 g5 13. Bg3 Nh5 14. Bh2 Nf4 15. Bf1 Qd7 16. g3 Ng6 17. Bg2 Rb8 18. 0-0 Nc6 19. d4 cxd4 20. cxd4 Rc8 21. Qb3 Bd8 22. Nc4 Na5 23. Nxa5 bxa5 24. Nd2 0-0 25. Nc4 d5 26. Nd2 dxe4 27. Nxe4 Bd5 28. Qe3 f5 29. Nc5 Rxc5 30. dxc5 Bxg2 31. Kxg2 f4 32. Qe4 Qd5 33. Qxd5 exd5 34. Rad1 f3+ 35. Kh1 Bf6 36. b3 d4 37. c6 h5 38. Rfe1 Rc8 39. Rc1 d3 40. Red1 g4 41. Rxd3 Ne5 42. Rd6 Kf7 43. c7 Ke7 44. Rxa6 Nd3 45. Rc2 Nb4 46. Rac6 Nxc2 47. Rxc2 Kd7 48. Rc5 Rxc7 49. Rxa5 Rc1+ 50. Bg1 h4 51. gxh4 Bxh4 52. Kh2 Rc2 53. hxg4 Bxf2 54. Bxf2 Rxf2+ 55. Kg3 Rf1 56. Rf5 f2 57. Rxf2 Rg1+ 58. Kf4 1-0